| 000 | 01052naa a22003017a 4500 | ||
|---|---|---|---|
| 001 | BR9600864 | ||
| 003 | BR-BrBNA | ||
| 005 | 20240918181608.0 | ||
| 007 | ta | ||
| 008 | 230509b bl.||||| |||| 00| 0 por d | ||
| 040 |
_aBR-BrBNA _bpor _cBiblioteca Nacional de Agricultura |
||
| 041 | _a(Pt) | ||
| 072 | _aP06 | ||
| 090 | _aP06 BR9600864 | ||
| 100 | 1 | _aPassos, F.J.V. | |
| 100 | 1 | _aPinheiro Filho, J.B. | |
| 100 | 1 | _aFortes, M. | |
| 100 | 1 | _aSediyama, G.C. | |
| 111 | 1 |
_a3. Encontro Nacional de Secagem _cVicosa, MG (Brazil) _d29-31 Jul 1981 |
|
| 245 | 1 | _aDesempenho de um coletor solar plano e de um concentrador trapezoidal para aquecimento de ar | |
| 260 | 3 |
_aVicosa, MG (Brasil): _c1981. |
|
| 500 | _aAnais do 3. Encontro Nacional de Secagem Vicosa, MG (Brasil): 1981. p. 131-167 (BR9600864-AM)P06 | ||
| 650 | _aEnergia Solar | ||
| 650 | _aColetor Solar | ||
| 773 | 0 |
_tAnais do 3. Encontro Nacional de Secagem _wP06 BR9600864 _gVicosa, MG (Brasil), 1981. p. 131-167 |
|
| 909 |
_a202404 _bLucia _c55 _dLucia Elande |
||
| 942 |
_cAM _2AGRIS |
||
| 999 |
_c326011 _d326011 |
||